Sports Quiz

Random Sports Quiz

Longest current playoff droughts Quiz Stats

 Plays Quiz not verified by Sporcle

Score 0/23 Timer 05:00
0 Plays Today
league team % Correct
NFLHouston Texans
87.3%
NFLCleveland Browns
87.3%
NFLDetroit Lions
82.2%
MLBKansas City Royals
76.4%
NFLOakland Raiders
75.2%
NFLBuffalo Bills
74.5%
MLBWashington Nationals
73.9%
MLBPittsburgh Pirates
72.6%
MLBCincinnati Reds
72.6%
NBASacramento Kings
65.6%
NHLFlorida Panthers
65%
MLBToronto Blue Jays
63.7%
league team % Correct
NBALos Angeles Clippers
63.1%
NHLNew York Islanders
61.1%
NBANew York Knicks
56.7%
NFLSan Francisco 49ers
56.1%
NHLEdmonton Oilers
53.5%
NHLToronto Maple Leafs
52.9%
NHLAtlanta Thrashers
50.3%
NBAMinnesota Timberwolves
50.3%
NBAIndiana Pacers
49.7%
NHLTampa Bay Lightning
44.6%
NBAMemphis Grizzlies
44.6%

You're not logged in!

Compare scores with friends on all Sporcle quizzes.
OR
Log In

You Might Also Like...

Show Comments

Extras

Created Apr 11, 2010ReportNominate
Tags:drought, last, league, longest, playoff, team

Top Quizzes Today


Score Distribution

Your Account Isn't Verified!

In order to create a playlist on Sporcle, you need to verify the email address you used during registration. Go to your Sporcle Settings to finish the process.

Report this User

Report this user for behavior that violates our Community Guidelines.

Details: